000 00366nam a22001337a 4500
020 _a9781787355224
040 _c0
082 _a363.5
_bCOM
245 0 0 _aComparative Approaches to Informal Housing Around the Globe/
_cEdited by Udo Grashoff
260 _aLondon:
_bUCL Press;
_c2020.
300 _a267p.:
_bill;
700 1 _aGrashoff,Udo
_9121696
942 _2ddc
_cBK
999 _c608493
_d608493